Tajemnice Żuławki

Titel: Tajemnice Żuławki / Jarosław Rola; Zygmunt Rola
Verfasser:
Beteiligt:
Ausgabe: Wyd. 1.
Veröffentlicht: Poznań : Zysk Wydawn., 2002
Umfang: 117 S. : Ill.
Format: Buch
Sprache: Polnisch
Schlagworte:
ISBN: 8372983313
Buchumschlag
X
Lokale Klassifikation: 34 8 F 12 ; 34 6 A
alg: 33157115
001A    $03004:23-09-13 
001B    $01999:01-11-24 $t18:06:28.000 
001C    $03004:23-09-13 $t12:14:07.000 
001D    $03004:23-09-13 
001U    $0utf8 
001X    $00 
002@    $0Aar 
003@    $0331571153 
003O    $074090348 $aOCoLC 
004A    $083-7298-331-3 
006L    $0BV017523190 $2BVB 
007A    $0331571153 $aHEB 
007G    $0DE020B5107F0798548DD9C1257C7F003C52C3 
007T    $0Herdnn003031 
009P    $qapplication/pdf $A2 $3Inhaltsverzeichnis $uhttp://scans.hebis.de/HEBCGI/show.pl?33157115_toc.pdf $mV:DE-603;B:DE-Mb50 
010@    $apol 
011@    $a2002 $n2002 
021A    $aTajemnice Żuławki $hJarosław Rola; Zygmunt Rola 
028A    $D20231015 $Ecgwrk $8Rola, Jarosław [Tp3] $9453284388 
028B/01 $7188491082 $8Rola, Zygmunt$Z1938- [Tp3] $9298687410 
032@    $aWyd. 1. 
033A    $pPoznań $nZysk Wydawn. 
034D    $a117 S. 
034M    $aIll. 
041A    $77500900-6 $8Żuławka Mała [Tg1] $9135030420 
041A/01 $RAusgrabung $RBodendenkmal $#Bodenfund $#Bodenfunde $#Archäologische Funde $74071507-3 $8Funde [Tsz] $9085201480 
045F    $eDDC22ger 
045F/01 $a307.09 
045F/03 $f09012 
045F/03 $g438 
045G    $eDDC22ger 
045G/01 $a909 
045G/03 $f09013 
045G/03 $g438 
045H    $a930.10943849 $eDDC23BSB 
045H/01 $a930.1 
045H/03 $g43849 

lok: 33157115 24
101B    $010-02-14 $t08:38:25.000 
101C    $010-02-14 
101U    $0utf8 
145Z/01 $a34 8 F 12 
145Z/02 $a34 6 A 

exp: 33157115 24 1 #EPN
201B/01 $024-10-13 $t15:44:53.000 
201C/01 $023-09-13 
201U/01 $0utf8 
203@/01 $0720744563 
208@/01 $a24-10-13 $bz 
209A/01 $a13.07843 $du $f050 $h13 07843 $x00 
209C/01 $a13.07843 K $h13 07843 K 
209G/01 $a73237750 $x00 
220C/01 $awal 
247C/01 $8358050-7 Marburg, Bibliothek des Herder-Instituts Marburg $9102600961 

lok: 33157115 78

exp: 33157115 78 1 #EPN
201B/01 $019-04-17 $t14:54:39.000 
201U/01 $0utf8 
203@/01 $0791878902 
208@/01 $a12-11-16 $be 
209A/01 $a/ $f000 $x00 
220C/01 $aTitelaufnehmer: bn 
220C/01 $aHerkunft: WBP Poznań;IH PAN/PBB Kraków 
237A/01 $aGawędy na temat przebiegu i wyników badań archeologicznych we wsi Żuławka  
244Z/01 $2Trx $#Großpolen $#Greater Poland $#Velkopolsko $8--Trx--Wielkopolska $x01 $9391277227 
244Z/01 $2Trx $#Poola $#Lenkija $#Polija $#Polen Land $#Poland $#Lengyelország $#Poľsko $#Polsko $8--Trx--Polska$gkraj $x02 $9391345966 
244Z/01 $2Trx $8--Trx--Żuławka$gPiła $x03 $9391283715 
244Z/01 $aGeschichte 1300-2002 $x04 
244Z/01 $2Trx $#arheoloogia uurimused $#archeologiniai tyrimai $#archaeology research $#régészet vizsgálatok $#archeologia, badania $#archeológia, výskumy $#archeologie, výzkumy $8--Trx--Archäologie$gUntersuchungen $x05 $9391380192 
244Z/01 $2Trx $#ajakirjandus $#publicistika $#Journalism $#újságírás $#publicystyka $#publicistika $#publicistika $8--Trx--Publizistik $x06 $9391353039 
244Z/01 $2Trx $8--Trx--Monographie $x07 $9391384546 
245Z/01 $a13.03 $x01 
245Z/01 $a05.01 $x02 
247C/01 $82080>Marburg/Lahn, Herder-Institut, Forschungsbibliothek, Bibliographieportal $9336309341
LEADER 00000cam a22000002c 4500
001 331571153
003 DE-603
005 20241101180628.0
007 tu
008 130923s2002 xx |||| | u00||u|pol c
020 |a 8372983313 
035 |a (DE-599)HEB331571153 
035 |a (DE-604)BV017523190 
035 |a (OCoLC)74090348 
040 |a DE-603  |b ger  |c DE-603  |d DE-603 
041 |a pol 
083 0 |8 3\u  |a 930.10943849  |q DE-101  |2 23/BSB 
085 |8 1\u  |b 307.09 
085 |8 1\u  |z 1  |s 09012 
085 |8 1\u  |z 2  |s 438 
085 |8 2\u  |b 909 
085 |8 2\u  |z 1  |s 09013 
085 |8 2\u  |z 2  |s 438 
085 |8 3\u  |b 930.1 
085 |8 3\u  |z 2  |s 43849 
100 1 |a Rola, Jarosław  |0 (DE-603)453284388  |0 (DE-588)119494566X  |2 gnd 
245 0 0 |a Tajemnice Żuławki  |c Jarosław Rola; Zygmunt Rola 
250 |a Wyd. 1. 
264 1 |a Poznań  |b Zysk Wydawn.  |c 2002 
300 |a 117 S.  |b Ill. 
650 7 |a Funde  |0 (DE-588)4071507-3  |0 (DE-603)085201480  |2 gnd 
651 7 |a Żuławka Mała  |0 (DE-588)7500900-6  |0 (DE-603)135030420  |2 gnd 
700 1 |a Rola, Zygmunt  |d 1938-  |0 (DE-603)298687410  |0 (DE-588)188491082  |2 gnd 
856 4 2 |m V:DE-603;B:DE-Mb50  |q application/pdf  |u http://scans.hebis.de/HEBCGI/show.pl?33157115_toc.pdf  |3 Inhaltsverzeichnis 
924 0 |9 Mb 50  |a (DE-603)720744563  |b DE-Mb50  |c HES  |d c  |g 13.07843 
924 0 |9 2080  |a (DE-603)791878902  |b DE-2080  |c HES  |d d  |g /